000
00308nam a2200121Ia 4500
008
230907s9999||||xx |||||||||||||| ||und||
082
_a
621.811
_b
LEE
100
_a
Lees, A. W.
_9
115359
245
0
_a
Vibration problems in machines :
260
_a
CRC Press,
_c
2016
300
_a
xv, 331 pages :
942
_c
BK
999
_c
598233
_d
598233